Premier League Asian and African Players Quiz Stats

 Plays Quiz not verified by Sporcle

Score 0/53 Timer 14:00
0 Plays Today
Country Player % Correct
Ivory CoastYaya Touré
96.6%
JapanShinji Okazaki
93.1%
South KoreaHeung-min Son
93.1%
AlgeriaRiyad Mahrez
93.1%
AlgeriaIslam Slimani
93.1%
Ivory CoastEric Bailly
93.1%
KenyaVictor Wanyama
89.7%
NigeriaKelechi Iheanacho
89.7%
NigeriaVictor Moses
89.7%
South KoreaSung-yeung Ki
87.9%
CameroonJoël Matip
87.9%
JapanMaya Yoshida
86.2%
EgyptMohamed Elneny
86.2%
SenegalSadio Mané
86.2%
Ivory CoastLamina Koné
84.5%
Ivory CoastArouna Koné
84.5%
NigeriaAlex Iwobi
84.5%
SenegalMame Biram Diouf
84.5%
Ivory CoastWilfried Bony
82.8%
DR CongoYannick Bolasie
81%
EgyptAhmed Elmohamady
79.3%
AlgeriaSofiane Feghouli
75.9%
GhanaAndré Ayew
75.9%
GhanaJordan Ayew
75.9%
Ivory CoastWilfried Zaha
75.9%
SenegalIdrissa Gueye
75.9%
South KoreaChung-yong Lee
74.1%
Country Player % Correct
NigeriaAhmed Musa
74.1%
CameroonAllan Nyom
67.2%
Ivory CoastMax Gradel
67.2%
NigeriaWilfred Ndidi
67.2%
South AfricaSteven Pienaar
67.2%
DR CongoDieumerci Mbokani
65.5%
MoroccoSofiane Boufal
65.5%
GhanaDaniel Amartey
63.8%
GhanaJeffrey Schlupp
62.1%
SenegalDiafra Sakho
62.1%
SenegalCheikhou Kouyaté
60.3%
SenegalBaye Oumar Niasse
60.3%
BeninRudy Gestede
58.6%
NigeriaVictor Anichebe
58.6%
MaliBakary Sako
56.9%
MoroccoNordin Amrabat
55.2%
DR CongoBenik Afobe
53.4%
NigeriaIsaac Success
53.4%
EgyptRamadan Sobhi
51.7%
GabonDidier N'Dong
51.7%
SenegalPapy Djilobodji
51.7%
SenegalPape Souaré
51.7%
TunisiaYohan Benalouane
46.6%
AlgeriaAdlene Guedioura
36.2%
SenegalAlfred N'Diaye
32.8%
TunisiaWahbi Khazri
12.1%

You're not logged in!

Compare scores with friends on all Sporcle quizzes.
OR
Log In

Sporcle TV

Today on Sporcle TV


Watch our educational content, quiz creation guides, and fun videos on Sporcle TV.

Show Comments

Extras

Top Quizzes Today


Score Distribution

Your Account Isn't Verified!

In order to create a playlist on Sporcle, you need to verify the email address you used during registration. Go to your Sporcle Settings to finish the process.

Report this User

Report this user for behavior that violates our Community Guidelines.

Details: